000 00618nam a2200217Ia 4500
008 160418s9999 xx 000 0 und d
020 _a971-569-089-
050 _aFIL PL 5531
050 _b.P53 1990
245 _aPhilippine contemporary literature :
245 _bin English and Filipino /
245 _cedited by Asuncion David - Maramba.
260 _aMandaluyong:
260 _bNational Books Store,
260 _c1990
300 _a519 pages :
300 _billustrations ;
300 _c21 cm.
650 _aPhilippine literature (English).
650 _xPhilippine literature -- Collected works.
999 _c293609
_d293609